Văn học trên hành trình của thế kỉ 20

সংরক্ষণ করুন:
গ্রন্থ-পঞ্জীর বিবরন
প্রধান লেখক: Phong Lê
বিন্যাস: গ্রন্থ
ভাষা:Undetermined
প্রকাশিত: Hà Nội ĐHQG 1997
বিষয়গুলি:
ট্যাগগুলো: ট্যাগ যুক্ত করুন
কোনো ট্যাগ নেই, প্রথমজন হিসাবে ট্যাগ করুন!
Thư viện lưu trữ: Trung tâm Học liệu Trường Đại học Cần Thơ
LEADER 00699nam a2200217Ia 4500
001 CTU_27486
008 210402s9999 xx 000 0 und d
020 |b 38.000đ 
082 |a 809 
082 |b Ph431 
100 |a Phong Lê 
245 0 |a Văn học trên hành trình của thế kỉ 20 
245 0 |c Phong Lê 
260 |a Hà Nội 
260 |b ĐHQG 
260 |c 1997 
526 |a Văn học Việt Nam hiện đại 4 (1975 - 2000),Văn xuôi Việt Nam hiện đại 
526 |b SG217,XHV605 
650 |a vietnamese literature - 20th century - history and criticism 
904 |i Minh, 981223 
980 |a Trung tâm Học liệu Trường Đại học Cần Thơ